00945cam a22002654a 450000100090000000300050000900500170001400800410003101000170007202000150008904000180010404200080012205000210013008200200015124501690017125000120034026000660035230000250041850400510044365000250049465000300051970000230054970000290057285600780060113625034NUST20180117090032.0040616s2005 dcu b 001 0 eng  a 2004014282 a1591470927 aDLCcDLCdDLC apcc00aRJ504b.P75 200500a618.92/891422200aPsychosocial treatments for child and adolescent disorders :bempirically based strategies for clinical practice /cedited by Euthymia D. Hibbs and Peter S. Jensen. a2nd ed. aWashington, DC :bAmerican Psychological Association,cc2005. axv, 839 p. ;c27 cm. aIncludes bibliographical references and index. 0aChild psychotherapy. 0aAdolescent psychotherapy.1 aHibbs, Euthymia D.1 aJensen, Peter S.,d1949-413Table of contentsuhttp://www.loc.gov/catdir/toc/ecip0419/2004014282.html